000
00278nam a2200121Ia 4500
008
191201s2019 xx 000 0 und d
100
_a
GORELIK, Alex
245
0
_a
The Enterprise Big Data Lake
260
_b
SPD
_c
2019
300
_a
205
650
_a
B.Tech(IT)
942
_2
ddc
_c
BK
999
_c
7066
_d
7066